Effect of ensiling cassava foliage and sweet potato vine on digestibility and N retention for growing goats, ឥទ្ធិពលនៃស្លឹកដំឡូងមីផ្ធាប់ និង​ដំឡូងជ្វាផ្អាច់ទៅលើកំរិតនៃការរំលាយ​​​ និងការរក្សាទុកអាសូតរបស់ពពែកំពុងលូតលាស់ (Record no. 2331)

000 -LEADER
fixed length control field 00792nam a22001577a 4500
003 - CONTROL NUMBER IDENTIFIER
control field OSt
005 - DATE AND TIME OF LATEST TRANSACTION
control field 20151019161406.0
008 - FIXED-LENGTH DATA ELEMENTS--GENERAL INFORMATION
fixed length control field 151019b xxu||||| |||| 00| 0 eng d
040 ## - CATALOGING SOURCE
Transcribing agency RUA
082 ## - DEWEY DECIMAL CLASSIFICATION NUMBER
Classification number AVM NAN 2009 B087 Or.1
100 ## - MAIN ENTRY--PERSONAL NAME
9 (RLIN) 2476
Personal name NANG, BUNTHA.
245 ## - TITLE STATEMENT
Title Effect of ensiling cassava foliage and sweet potato vine on digestibility and N retention for growing goats, ឥទ្ធិពលនៃស្លឹកដំឡូងមីផ្ធាប់ និង​ដំឡូងជ្វាផ្អាច់ទៅលើកំរិតនៃការរំលាយ​​​ និងការរក្សាទុកអាសូតរបស់ពពែកំពុងលូតលាស់
260 ## - PUBLICATION, DISTRIBUTION, ETC. (IMPRINT)
Place of publication, distribution, etc. Phnom Penh
Name of publisher, distributor, etc. RUA
Date of publication, distribution, etc. 2009
300 ## - PHYSICAL DESCRIPTION
Extent x; 39p.
Other physical details ill.
Dimensions 29cm.
942 ## - ADDED ENTRY ELEMENTS (KOHA)
Source of classification or shelving scheme
Koha item type AVM
Holdings
Price effective from Date last seen Permanent Location Not for loan Date acquired Source of classification or shelving scheme Koha item type Lost status Withdrawn status Date last checked out Total Checkouts Shelving location Damaged status Barcode Current Location Full call number
2015-10-192019-11-04Library Block B 2015-10-19 AVM  2019-10-212B087 RUA008247Library Block BAVM NAN 2009 B087 Or.1
2015-10-192019-07-29Library Block B 2015-10-19 AVM  2019-07-221B087 RUA020231Library Block BAVM NAN 2009 B087 Or.2
2015-10-192020-06-15Library Block B 2015-10-19 AVM  2020-04-281B087 RUA007099Library Block BAVM NAN 2009 B087 Or.3
2015-10-192020-08-31Library Block B 2015-10-19 AVM  2020-08-141B087 RUA016061Library Block BAVM NAN 2009 B087 Or.4
2015-10-192015-10-19Library Block B 2015-10-19 AVM    B087 RUA017787Library Block BAVM NAN 2009 B087 Or.5
2015-10-192020-09-04Library Block B 2015-10-19 AVM  2020-08-313B087 RUA009406Library Block BAVM NAN 2009 B087 Or.6
2015-10-192020-08-12Library Block B 2015-10-19 AVM  2020-07-211B087 RUA017747Library Block BAVM NAN 2009 B087 Or.7
2015-10-192020-08-04Library Block B 2015-10-19 AVM  2020-03-041B087 RUA017819Library Block BAVM NAN 2009 B087 Or.8
2015-10-282015-10-28Library Block B 2015-10-28 AVM    B087 RUA009231Library Block BAVM NAN 2009 B087 Or.9
2015-10-282015-10-28Library Block B 2015-10-28 AVM    B087 RUA020044Library Block BAVM NAN 2009 B087 Or.10
មជ្ឈមណ្ឌលឯការនៃសាកលវិទ្យាល័យភូមិន្ទកសិកម្មចំការដូង

Powered by Koha